|
|
|
|
| LEADER |
00776nab a2200229 i 4500 |
| 001 |
misc65932 |
| 005 |
20230124085151.0 |
| 008 |
220620s1968 hu o 0|| rus d |
| 040 |
|
|
|a SZTE Miscellanea Repozitórium
|b hun
|
| 041 |
|
|
|a rus
|
| 100 |
1 |
|
|a Lytkin Vasilij Il'ič
|
| 245 |
1 |
0 |
|a Labializovannye glasnye srednego râda v permskih âzykah
|h [elektronikus dokumentum] /
|c Lytkin Vasilij Il'ič
|
| 260 |
|
|
|c 1968
|
| 300 |
|
|
|a 85-94
|c 26 cm
|
| 300 |
|
|
|a [10] p.
|c 26 cm
|
| 490 |
0 |
|
|a Voprosy âzykoznaniâ
|
| 561 |
|
|
|a Németh Gyula hagyaték
|
| 591 |
|
|
|a NOU 3352; LOU 2173
|
| 650 |
|
4 |
|a Bölcsészettudományok
|
| 650 |
|
4 |
|a Nyelvek és irodalom
|
| 695 |
|
|
|a Permi nyelvek - hangtan
|
| 856 |
4 |
0 |
|u http://misc.bibl.u-szeged.hu/65932/1/3352_nou_l99.pdf
|z Dokumentum-elérés
|